000 00609nam a2200229Ia 4500
003 OSt
005 20221007080651.0
006 a|||||r|||| 00| 0
007 ta
008 221006b |||||||| |||| 00| 0 eng d
024 _a18,322
037 _cTextual
040 _aFLL
_cFLL
_beng
041 _2eng
_aeng
082 _aZv3:G3, K4
100 _aPost Gaines
_9695199
245 0 _aStudies in edieval legal thought
260 _aNew Jersey
_b Princeton University Press USA
_c1964
300 _a633p
_ccm.
942 _hZv3:G3, K4
_cTEXL
_2CC
999 _c1160473
_d1160473